Quantitative cardiovascular studies : clinical and research applications of engineering principles (Record no. 3936)
[ view plain ]
| 000 -LEADER | |
|---|---|
| fixed length control field | 00899cam a22002414a 4500 |
| 003 - CONTROL NUMBER IDENTIFIER | |
| control field | OSt |
| 005 - DATE AND TIME OF LATEST TRANSACTION | |
| control field | 20220222071246.0 |
| 008 - FIXED-LENGTH DATA ELEMENTS--GENERAL INFORMATION | |
| fixed length control field | 030305s2002 fr b 000 0 fre |
| 020 ## - INTERNATIONAL STANDARD BOOK NUMBER | |
| International Standard Book Number | 0839112734 |
| 040 ## - CATALOGING SOURCE | |
| Transcribing agency | ALUPE UNIVERSITY COLLEGE |
| 042 ## - AUTHENTICATION CODE | |
| Authentication code | pcc |
| 050 00 - LIBRARY OF CONGRESS CALL NUMBER | |
| Classification number | QP102 |
| Item number | .Q36 1979 |
| 100 1# - MAIN ENTRY--PERSONAL NAME | |
| Personal name | - |
| 245 10 - TITLE STATEMENT | |
| Title | Quantitative cardiovascular studies : clinical and research applications of engineering principles |
| 260 ## - PUBLICATION, DISTRIBUTION, ETC. | |
| Place of publication, distribution, etc. | Baltimore, Maryland |
| Name of publisher, distributor, etc. | University park press |
| Date of publication, distribution, etc. | 1979 |
| 300 ## - PHYSICAL DESCRIPTION | |
| Extent | 787 p. ; |
| Dimensions | 24cm. |
| Other physical details | ills, pics |
| 504 ## - BIBLIOGRAPHY, ETC. NOTE | |
| Bibliography, etc. note | Includes bibliographical references. |
| 650 #0 - SUBJECT ADDED ENTRY--TOPICAL TERM | |
| Topical term or geographic name entry element | Cardiovascular system -- Mathematical models.. |
| 700 ## - ADDED ENTRY--PERSONAL NAME | |
| Personal name | Ned H C Hwang; |
| Dates associated with a name | David R Gross; |
| Relator term | Dali J Patel |
| 906 ## - LOCAL DATA ELEMENT F, LDF (RLIN) | |
| a | 7 |
| b | cbc |
| c | origres |
| d | 3 |
| e | ncip |
| f | 20 |
| g | y-gencatlg |
| 942 ## - ADDED ENTRY ELEMENTS (KOHA) | |
| Source of classification or shelving scheme | |
| Koha item type | Book |
| Suppress in OPAC | PW |
| Withdrawn status | Lost status | Source of classification or shelving scheme | Damaged status | Not for loan | Permanent Location | Current Location | Shelving location | Date acquired | Source of acquisition | Total Checkouts | Full call number | Barcode | Date last seen | Price effective from | Koha item type | Public note | Copy number |
|---|---|---|---|---|---|---|---|---|---|---|---|---|---|---|---|---|---|
| AU LIBRARY | AU LIBRARY | Open Shelf | 22.02.2022 | DONATION FROM MOI UNIVERSITY | QP102 .Q36 1979 | 28005718 | 22.02.2022 | 22.02.2022 | Book | PW | |||||||
| AU LIBRARY | AU LIBRARY | Open Shelf | 25.03.2022 | DONATION FROM MOI UNIVERSITY | QP102 .Q36 1979 C2 | 28006932 | 25.03.2022 | 25.03.2022 | Book | SM | 2 |